A Monastery on the move (Бичлэгийн дугаар. 1155341)

MARC дэлгэрэнгүй
000 -Удирдлага
Ном зүйн бүртгэл тоо буюу кодлох утгыг агуулсан 02011nam a22002777a 4500
003 - ХЯНАЛТЫН ТОО ТОДОРХОЙЛОГЧ
Код MN-UlNLM
005 - ХАМГИЙН СҮҮЛИЙН ҮЕИЙН ХЭЛЦЛИЙН ОГНОО БА ЦАГ
Тухайн бичилтийг бичсэн засварласан сүүлийн огноо. 20250129160929.0
008 - ЕРӨНХИЙ МЭДЭЭЛЭЛ-ЭЛЕМЕНТҮҮДИЙН ӨГӨГДЛИЙН УРТ
fixed length control field 250129s2021 -cn||||| |||| 00| 0 eng d
020 ## - ОЛОН УЛСЫН СТАНДАРТ НОМЫН ДУГААР-ISBN
Олон Улсын Стандарт Номын Дугаар 9780824878306
040 ## - ЭХ СУРВАЛЖИЙГ ТОДОРХОЙЛОН БИЧИХ
Анхны каталогийн байгууллага UB01000001
Каталогийн хэл Монгол
Бичлэг хийж нэвтрүүлэх байгууллага MN-UlNLM
Өөрчлүүлэх байгууллага MN-UlNLM
Бичиглэлийн тодорхойлолт rda
041 0# - ХЭЛНИЙ КОД
Текстийн хэлний код/фонограм буюу салангид гарчиг Англи
043 ## - GEOGRAPHIC AREA CODE
Geographic area code n-cn---
084 ## - БУСАД АНГИЛЛЫН ДУГААР
Ангиллын нэр Номын сан номзүйн ангилал
100 0# - ЗОХИОГЧИЙН ХЭСЭГ
Зохиогчийн нэр Uranchimeg, Ts.
Хүүрнэгчийн нөхцөлүүд зохиогч
Зохиогчийн бүтэн овог нэр Uranchimeg Tsultemin
245 1# - ҮНДСЭН ГАРЧИГ
Гарчиг A Monastery on the move
Гарчигт хамааралтай мэдээ Art and politics in later buddhist Mongolia
264 #1 - ГАРАЛТЫН МЭДЭЭ
Хэвлэгдсэн газар Canada
Бүтээгч, хэвлэгч, түгээгч, үйлдвэрлэгчийн нэр University of Hawai'i press
Хэвлэгдсэн он 2021
300 ## - ТООНЫ МЭДЭЭ
Хуудасны тоо 283 хуудастай
Бусад тоон мэдээлэл гэрэл зурагтай
Хэмжээ 25 см
520 ## - ХУРААНГУЙ МЭДЭЭ, ТОВЧ АГУУЛГА
Эмхэтгэл, г.м 1639 онд, Тавдугаар Далай ламын Гэлүгийн шашны урсгал болон Чин гүрний эзэд Дотоод Азид ноёрхлоо тогтоохын төлөө тэмцэлдэж байх үед, Чингис хааны угсааны залуу хүү Занабазар (1635-1723) Халх Монголын Жавзандамба хутагтын суудалд өргөмжлөгджээ. Энэ үйл явдлыг тэмдэглэн байгуулсан гэр (юрта) нь дараагийн гурван зууны турш хөдөлгөөнт хийд Их Хүрээ болон өргөжин, Жавзандамба хутагтуудын улс төрийн төв, Монголын буддизмын чухал төв болжээ. Гэвч 1930-аад онд Их Хүрээ устгагдсан бөгөөд хожим нь дахин сэргээгдэж, өнөөгийн Монгол Улсын нийслэл Улаанбаатар хэмээн нэрлэгдсэн байна.
650 #4 - Сэдэв
Сэдэв Монголын буддын урлаг
650 #4 - Сэдэв
Сэдэв архитектур
650 #4 - Сэдэв
Сэдэв Занабазарын уран бүтээл
650 #4 - Сэдэв
Сэдэв Гэлүгийн урсгал
650 #4 - Сэдэв
Сэдэв Монголын шашин төрийн хос ёс
650 #4 - Сэдэв
Сэдэв Жавзандамба хутагт
942 ## - ЭЛЕМЕНТИЙН ТӨРӨЛ
Анги Номын сан номзүйн ангилал
Төрөл Ном
Захиалгууд
Буцаан татагдсан төлөв Хасагдсан шалтгаан Гэмтсэн төлөв Захиалах боломжгүй Үндсэн номын сан Одоогийн байршил Бүртгэсэн огноо Бүрдүүлэлтийн эх үүсвэр Үнэ Хамгийн сүүлд байсан огноо Нийт уншлаганд гарсан тоо Ангиллын нэр Төрөл
      Албан хэрэгцээнд Ном бүрдүүлэх, боловсруулах, солилцох хэсэг Ном бүрдүүлэх, боловсруулах, солилцох хэсэг 2025-01-29 Солилцоо 10000.00 2025-01-29   Номын сан номзүйн ангилал Ном